2000s Liverpool XIs - Statistics

General Stats
  • This quiz has been taken 12 times
  • The average score is 24 of 43
Answer Stats
Position Nationality Answer % Correct
FW Netherlands Dirk Kuyt
100%
FW Spain Fernando Torres
100%
DF England Jamie Carragher
100%
MF Spain Xabi Alonso
100%
FW England Michael Owen
92%
GK Spain Pepe Reina
92%
DF Finland Sami Hyypia
92%
MF England Steven Gerrard
92%
GK Poland Jerzy Dudek
83%
FW Czech Republic Milan Baros
83%
MF Germany Dietmar Hamann
75%
MF Argentina Javier Mascherano
67%
DF Norway John Arne Riise
67%
MF Spain Luis Garcia
67%
DF Germany Markus Babbel
67%
DF Slovakia Martin Skrtel
67%
FW England Peter Crouch
67%
FW England Robbie Fowler
67%
MF Netherlands Ryan Babel
67%
DF Spain Alvaro Arbeloa
58%
DF Denmark Daniel Agger
58%
FW Senegal El Hadji Diouf
58%
MF Australia Harry Kewell
58%
MF Czech Republic Patrik Berger
58%
MF Israel Yossi Benayoun
58%
FW France Djibril Cisse
50%
DF Mali Djimi Traore
42%
FW England Emile Heskey
42%
FW Spain Fernando Morientes
42%
DF Ireland Steve Finnan
42%
FW Spain Albert Riera
33%
MF England Danny Murphy
33%
MF Scotland Gary McAllister
33%
DF Croatia Igor Biscan
33%
GK Netherlands Sander Westerveld
33%
DF Switzerland Stephane Henchoz
33%
DF Brazil Fabio Aurelio
25%
MF Mali Mohamed Sissoko
25%
DF Scotland Dominic Matteo
17%
FW England Jermaine Pennant
17%
FW Guinea Titi Camara
17%
MF Chile Mark Gonzalez
8%
MF England David Thompson
0%
No matching quizzes found
Score Distribution
Percent of People with Each Score
Percentile by Number Answered
Your Score History
You have not taken this quiz